01221nam a22003014a 4500001001100000003000800011006001900019007001500038008004100053010001700094040002100111035002000132050002600152082002300178100002800201245011000229260004300339300001500382504006400397533015200461650002800613651004600641651004200687655002900729710001700758856012500775999001900900ebr2003003CaPaEBRm u cr cn|||||||||990930s2000 nyu sb 001 0 eng  z 99049117  aCaPaEBRcCaPaEBR a(OCoLC)5085380814aHC336.26b.L63 2000eb04a337.47/009/0482211 aLockwood, David,d1953-14aThe destruction of the Soviet Unionh[electronic resource] :ba study in globalization /cDavid Lockwood. aNew York :bSt. Martin's Press,c2000. avi, 264 p. aIncludes bibliographical references (p. 237-260) and index. aElectronic reproduction.bPalo Alto, Calif. :cebrary,d2013.nAvailable via World Wide Web.nAccess may be limited to ebrary affiliated libraries. 0aEconomic historyy1945- 0aSoviet UnionxEconomic policyy1986-1991. 0aCommunist countriesxEconomic policy. 7aElectronic books.2local2 aebrary, Inc.40uhttp://site.ebrary.com/lib/rucke/Doc?id=2003003zAn electronic book accessible through the World Wide Web; click to view c123519d123519